[Event "Ch Moscow (open)"]
[Site "masterchessopen.com - Moscow (Russia)"]
[Round "10"]
[White "Kosyrev Vladimir (RUS)"]
[Black "Popelyshev Andrei (RUS)"]
[Result "1-0"]
[WhiteElo "2155"]
[BlackElo "2335"]

1.d4 f5 2.c4 Nf6 3.Nf3 g6 4.g3 Bg7 5.Bg2 d6 6.Nc3 O-O 7.O-O Nc6 8.d5 Ne5
9.Nxe5 dxe5 10.b3 e4 11.Ba3 Ng4 12.Qc2 a6 13.Rad1 Qe8 14.h3 Ne5 15.Qd2 Qf7
16.Qe3 Qf6 17.Rc1 Re8 18.f3 exf3 19.exf3 e6 20.Rfe1 Nf7 21.dxe6 Rxe6 22.Nd5
Qd8 23.Qf2 c6 24.Ne7+ Kh8 25.Rcd1 Qa5 26.Bb2 Qb4 27.Rxe6 Bxe6 28.Qd4 { ! }
28...Rg8 ( 28...Bxd4+ 29.Bxd4+ Ne5 30.Bxe5# ) 29.Nxg6+ { ! } ( 29.Nxg8 { ? }
29...Bxd4+ { ??+ } ) 29...hxg6 30.Qh4+ 1-0

[Event "It (cat.4)"]
[Site "masterchessopen.com - Moscow (Russia)"]
[Round "0"]
[White "Koniushkov Igor (RUS)"]
[Black "Ivanets Vladimir (RUS)"]
[Result "1-0"]
[WhiteElo "2285"]
[BlackElo "2188"]

1.d4 f5 2.g3 d6 3.Nf3 g6 4.Bg2 Bg7 5.O-O Nf6 6.c4 O-O 7.Nc3 Nc6 8.d5 Ne5
9.Nxe5 dxe5 10.e4 f4 11.gxf4 exf4 12.e5 Ng4 13.e6 Ne5 14.Re1 g5 15.Qh5 h6
16.Rxe5 Bxe5 17.Qxh6 Bg7 18.Qxg5 Qd6 19.Bd2 c6 20.Re1 b5 21.Ne4 Qe5 22.Qxe7
Qxb2 23.d6 Ba6 24.Qg5 b4 25.e7 Bxc4 26.exf8=Q+ Rxf8 27.d7 Qd4 28.Bxb4 {#r} 1-0

[Event "It (open)"]
[Site "masterchessopen.com - Moscow (Russia)"]
[Round "5"]
[White "Bonoev Peter (RUS)"]
[Black "Mukhaev Alexander (RUS)"]
[Result "0-1"]
[WhiteElo "2165"]
[BlackElo "2365"]

1.Nf3 f5 2.c4 Nf6 3.Nc3 g6 4.g3 Bg7 5.Bg2 O-O 6.O-O d6 7.d4 Nc6 8.Qc2 e5
9.dxe5 dxe5 10.Rd1 Qe7 11.Bg5 Qc5 12.Nd5 Ng4 13.e3 h6 14.h3 e4 15.Nd4 Nge5
16.Bf4 Rf7 17.Bxe5 Nxe5 18.b4 Qf8 19.Rab1 b6 20.f4 Nd3 21.Rxd3 exd3 22.Qxd3
Bb7 23.c5 Bxd4 24.exd4 Rd8 25.Qc4 b5 26.Qb3 Kh7 27.a4 Rfd7 28.Nc3 Bxg2 29.Kxg2
Rxd4 30.Nxb5 Rd2+ 31.Kh1 Qe7 32.Qc4 {#R} 0-1

[Event "It (open)"]
[Site "masterchessopen.com - Muenster (Germany)"]
[Round "5"]
[White "Gottschlich Carsten (GER)"]
[Black "Freise Eckhard (GER)"]
[Result "1-0"]
[WhiteElo "2170"]
[BlackElo "2034"]

1.c4 f5 2.Nf3 Nf6 3.g3 g6 4.Bg2 Bg7 5.O-O O-O 6.Nc3 d6 7.d4 Nc6 8.d5 Ne5
9.Nxe5 dxe5 10.Qc2 Kh8 11.b3 a6 12.Bb2 g5 13.Rad1 Qe8 14.c5 Qh5 15.d6 exd6
16.cxd6 cxd6 17.Rxd6 Ng4 18.h3 Nh6 19.Nd5 f4 20.g4 Bxg4 21.Rxh6 Qxh6 22.hxg4
Qh4 23.Bf3 Qh3 24.Qe4 Rae8 25.Nc7 Re7 26.Ba3 Rxc7 27.Bxf8 Bxf8 28.Qxe5+ Rg7
29.Rc1 {#r} 1-0

[Event "It (open) \"]
[Site "masterchessopen.com - Scotland"]
[Round "1"]
[White "Berry Neil (SCO)"]
[Black "Wall Tim (ENG)"]
[Result "0-1"]
[WhiteElo "2170"]
[BlackElo "2250"]

1.c4 f5 2.Nf3 Nf6 3.g3 g6 4.Bg2 Bg7 5.O-O O-O 6.d4 d6 7.Nc3 Nc6 8.d5 Ne5
9.Nxe5 dxe5 10.e4 f4 11.b4 g5 12.c5 a6 13.a4 Qe8 14.Bd2 g4 15.f3 fxg3 16.hxg3
gxf3 17.Bxf3 Qg6 18.Kg2 h5 19.Rh1 Bg4 20.Be1 Rf7 21.Qe2 Raf8 22.Bxg4 hxg4
23.Rd1 Nh5 24.Rh4 Rf3 25.d6 exd6 26.Nd5 R8f7 27.cxd6 cxd6 28.Rc1 Qg5 29.Rc8+
Bf8 30.Nc7 Qxh4 31.Rxf8+ Kh7 32.Rxf7+ Rxf7 {#R} 0-1

[Event "Ch Europe (juniors) (under 10)"]
[Site "masterchessopen.com - Verdun (France)"]
[Round "8"]
[White "Riazantsev Alexander (RUS)"]
[Black "Bartel Mateusz (POL)"]
[Result "1-0"]
[WhiteElo "2688"]
[BlackElo "2627"]

1.d4 f5 2.g3 g6 3.Bg2 Bg7 4.Nf3 Nf6 5.O-O O-O 6.c4 d6 7.Nc3 Nc6 8.d5 Ne5 9.Qb3
Kh8 10.Bg5 h6 11.Bxf6 Bxf6 12.Rad1 g5 13.Nd4 a6 14.Ne6 Bxe6 15.dxe6 Rb8 16.c5
c6 17.Qc2 Bg7 18.e3 d5 19.Ne2 Ng6 20.Bh3 Qe8 21.Bxf5 Ne5 22.g4 Nf3+ 23.Kh1 Be5
24.Ng3 Nh4 25.f4 Nxf5 26.Nxf5 Bg7 27.fxg5 hxg5 28.Rf3 Rxf5 29.Qxf5 Bf6 30.Rh3+
Kg8 31.Qh7+ Kf8 32.Rf1 {#r} 1-0

[Event "It (open)"]
[Site "masterchessopen.com - Zalakaros (Hungary)"]
[Round "6"]
[White "Szekeres Tibor (HUN)"]
[Black "Chusova Elena (RUS)"]
[Result "1-0"]
[WhiteElo "2148"]
[BlackElo "2148"]

1.Nf3 f5 2.g3 Nf6 3.Bg2 g6 4.O-O Bg7 5.c4 O-O 6.Nc3 d6 7.d4 Nc6 8.e3 e5 9.d5
Ne7 10.Ne1 e4 11.f3 exf3 12.Nxf3 c6 13.Nd4 Qe8 14.dxc6 bxc6 15.Ndb5 d5 16.Nc7
Qd7 17.Nxa8 Ba6 18.Qa4 Bxc4 19.Rd1 Rxa8 20.e4 fxe4 21.Nxe4 Qg4 22.Nf2 Qh5
23.Re1 Bb5 24.Qf4 Re8 25.a4 Bc4 26.b3 Ne4 27.Bxe4 Bxa1 28.Bf3 {#r} 1-0

[Event "It (open) (a)"]
[Site "masterchessopen.com - Zaragoza (Spain)"]
[Round "6"]
[White "Touzane Olivier (FRA)"]
[Black "De La Riva Aguado Oscar (AND)"]
[Result "1-0"]
[WhiteElo "2250"]
[BlackElo "2430"]

1.d4 f5 2.g3 Nf6 3.Bg2 g6 4.Nf3 Bg7 5.c4 O-O 6.O-O d6 7.Nc3 Nc6 8.d5 Ne5
9.Nxe5 dxe5 10.c5 Kh8 11.Qb3 a6 12.Bd2 Rb8 13.Qa3 h6 14.Rad1 g5 15.Be1 Qe8
16.d6 exd6 17.cxd6 cxd6 18.Qxd6 Bd7 19.Qc7 e4 20.f3 Bc6 21.fxe4 Ng4 22.Nd5
fxe4 23.Rxf8+ Qxf8 24.Ne7 Ne5 25.Bb4 Qe8 26.Nf5 Bf6 27.Be7 {#r} 1-0

[Event "It (open)"]
[Site "masterchessopen.com - Balatonbereny (Hungary)"]
[Round "3"]
[White "Izsak Gyula (HUN)"]
[Black "Sipka Zoltan (HUN)"]
[Result "1-0"]
[WhiteElo "2440"]
[BlackElo "1908"]

1.d4 f5 2.c4 Nf6 3.Nf3 g6 4.g3 Bg7 5.Bg2 O-O 6.Nc3 d6 7.O-O Nc6 8.d5 Ne5
9.Nxe5 dxe5 10.Qb3 Kh8 11.c5 a6 12.e4 Rb8 13.exf5 Bxf5 14.h3 b5 15.Be3 Bd3
16.Rfd1 e4 17.Bd4 Bc4 18.Qb4 Nxd5 19.Bxg7+ Kxg7 20.Nxd5 Bxd5 21.Qd4+ {#r} 1-0

[Event "Cup European Club"]
[Site "masterchessopen.com - Bratislava (Slovakia)"]
[Round "1"]
[White "Ilincic Zlatko (SRB)"]
[Black "Lanc Alois (SVK)"]
[Result "1-0"]
[WhiteElo "2520"]
[BlackElo "2410"]

1.d4 f5 2.Nf3 Nf6 3.g3 g6 4.Bg2 Bg7 5.O-O d6 6.c4 O-O 7.Nc3 Nc6 8.d5 Ne5
9.Nxe5 dxe5 10.Qb3 h6 11.Rd1 g5 12.c5 Kh8 13.Bd2 a6 14.Na4 e4 15.Ba5 f4 16.d6
exd6 17.cxd6 b6 18.dxc7 Qxc7 19.Bxb6 Qe5 20.Bd4 Qf5 21.Nc5 Qg4 22.Nxe4 Nxe4
23.Bxg7+ Kxg7 24.Bxe4 fxg3 25.Bxa8 {#r} 1-0

[Event "It (team)"]
[Site "masterchessopen.com - Buenos Aires (Argentina)"]
[Round "2"]
[White "Scarella Enrique (ARG)"]
[Black "Ciurlanti Federico (ARG)"]
[Result "1-0"]
[WhiteElo "2370"]
[BlackElo "2069"]

1.Nf3 f5 2.d4 Nf6 3.g3 g6 4.Bg2 Bg7 5.c4 d6 6.Nc3 O-O 7.O-O Nc6 8.d5 Na5 9.Nd2
c5 10.Qc2 a6 11.b3 Qe8 12.Bb2 g5 13.f4 Qh5 14.Nd1 gxf4 15.gxf4 Bd7 16.Rf3 Rf7
17.Nf2 Ng4 18.Rh3 Qg6 19.Rg3 h5 20.Bf3 h4 21.Rxg4 Qxg4+ {#r} 1-0

[Event "It (open)"]
[Site "masterchessopen.com - Cannes (France)"]
[Round "7"]
[White "Simon Gerard (FRA)"]
[Black "Bes Stephane (FRA)"]
[Result "0-1"]
[WhiteElo "2074"]
[BlackElo "2095"]

1.c4 f5 2.Nc3 Nf6 3.g3 g6 4.Bg2 Bg7 5.Nf3 O-O 6.O-O d6 7.d4 Nc6 8.Bg5 Ne4
9.Be3 e5 10.d5 Nxc3 11.bxc3 Na5 12.c5 e4 13.Nd2 Bxc3 14.Rc1 Bg7 15.Qa4 c6
16.cxd6 cxd5 17.Qb5 Be6 18.Rc7 b6 19.Qb4 Rf7 20.Rfc1 Rc8 21.Bf4 Bf8 22.Rxc8
Bxc8 23.Rc7 Qxc7 {#R} 0-1

[Event "It (open)"]
[Site "masterchessopen.com - Chicago (USA)"]
[Round "0"]
[White "Kaufman Larry C (USA)"]
[Black "Brasket Curt J (USA)"]
[Result "1-0"]
[WhiteElo "2420"]
[BlackElo "2240"]

1.d4 g6 2.c4 Bg7 3.Nf3 f5 4.g3 Nf6 5.Bg2 d6 6.O-O O-O 7.Nc3 Nc6 8.d5 Na5 9.Nd2
c5 10.Qc2 e5 11.dxe6 Bxe6 12.Nd5 Bxd5 13.cxd5 Re8 14.e4 fxe4 15.Nxe4 Nxe4
16.Bxe4 b5 17.h4 Qe7 18.Re1 Be5 19.Kg2 Qg7 20.h5 Bd4 21.hxg6 hxg6 22.Rh1 Bxf2
23.Bxg6 {#r} 1-0

[Event "It (open)"]
[Site "masterchessopen.com - Chicago (USA)"]
[Round "0"]
[White "Puckett Matthew (USA)"]
[Black "Schwartzman Gabriel (USA)"]
[Result "0-1"]
[WhiteElo "2235"]
[BlackElo "2515"]

1.d4 f5 2.c4 Nf6 3.Nc3 g6 4.Nf3 Bg7 5.g3 O-O 6.Bg2 d6 7.O-O Nc6 8.d5 Ne5
9.Nxe5 dxe5 10.b4 Kh8 11.a4 a6 12.Qb3 h6 13.a5 g5 14.b5 axb5 15.cxb5 e4 16.Bb2
Qe8 17.b6 cxb6 18.axb6 Rxa1 19.Rxa1 Qh5 20.f3 exf3 21.exf3 f4 22.Ra8 g4 23.Ne2
Qxd5 24.Qc2 Bf5 25.Rxf8+ Bxf8 26.fxg4 Qxg2+ 27.Kxg2 Bxc2 28.gxf4 Bg7 {#R} 0-1

[Event "Czech League 1996/97 (1st)"]
[Site "masterchessopen.com - Czech Republic"]
[Round "0"]
[White "Adamek Zdenek (CZE)"]
[Black "Plesek Jiri (CZE)"]
[Result "1-0"]
[WhiteElo "2252"]
[BlackElo "2168"]

1.d4 f5 2.g3 Nf6 3.Bg2 d6 4.Nf3 g6 5.O-O Bg7 6.c4 O-O 7.Nc3 Nc6 8.d5 Ne5
9.Nxe5 dxe5 10.Qc2 a6 11.Rd1 Qe8 12.b3 Kh8 13.Bb2 g5 14.Na4 Ng4 15.h3 Nh6
16.Nc5 g4 17.h4 f4 18.Ne6 Bxe6 19.dxe6 fxg3 20.fxg3 Nf5 21.Rd3 c6 22.Be4 Qg6
23.Rf1 Rae8 24.Rdd1 {#r} 1-0

[Event "Moravian League 1996/97 (1st)"]
[Site "masterchessopen.com - Czech Republic"]
[Round "2"]
[White "Babula Vlastimil (CZE)"]
[Black "Lanc Alois (SVK)"]
[Result "1-0"]
[WhiteElo "2545"]
[BlackElo "2410"]

1.d4 f5 2.Nf3 Nf6 3.g3 g6 4.Bg2 Bg7 5.O-O O-O 6.c4 d6 7.Nc3 Nc6 8.d5 Ne5
9.Nxe5 dxe5 10.Qb3 h6 11.c5 Kh8 12.Rd1 g5 13.Bd2 a6 14.Na4 Rb8 15.Ba5 Ne8
16.Rac1 Rf6 17.Qb4 f4 18.Nc3 Bf5 19.Qa3 h5 20.Ne4 Bxe4 21.Bxe4 g4 22.Qd3 Rh6
23.Bc3 Qd7 24.Bf5 Qa4 25.b3 Qb5 26.Qe4 fxg3 27.hxg3 Nf6 28.Qxe5 h4 29.gxh4
Rxh4 30.Kg2 Nh5 31.Qe3 Bxc3 32.Qh6+ {#r} 1-0

[Event "Ch Denmark (team) 1995/96"]
[Site "masterchessopen.com - Denmark"]
[Round "3"]
[White "Kjeldsen Jens (DEN)"]
[Black "Jacobsen Bo (DEN)"]
[Result "0-1"]
[WhiteElo "2415"]
[BlackElo "2275"]

1.d4 d6 2.c4 f5 3.Nf3 Nf6 4.g3 g6 5.Bg2 Bg7 6.O-O O-O 7.Nc3 Nc6 8.d5 Ne5 9.Nd2
g5 10.e3 Ng6 11.f4 gxf4 12.exf4 e5 13.dxe6 c6 14.Nf3 Bxe6 15.Qd3 Qa5 16.Kh1
Qb4 17.Nd2 Rad8 18.a3 Qb6 19.Na4 Qc7 20.Nc3 d5 21.cxd5 Nxd5 22.Nxd5 Bxd5
23.Qe2 Rfe8 24.Bxd5+ Kh8 25.Be6 c5 26.Qh5 Rxe6 27.Qxf5 Qc6+ 28.Nf3 Re1 {#R}
0-1

[Event "It (open)"]
[Site "masterchessopen.com - Eger (Hungary)"]
[Round "7"]
[White "Schmidt-Brauns Rainer (GER)"]
[Black "Horvath Julia (HUN)"]
[Result "0-1"]
[WhiteElo "1998"]
[BlackElo "2275"]

1.d4 f5 2.Nf3 Nf6 3.g3 g6 4.Bg2 Bg7 5.O-O O-O 6.c4 d6 7.Nc3 Nc6 8.d5 Ne5
9.Nxe5 dxe5 10.e4 f4 11.b3 g5 12.f3 h5 13.Bb2 g4 14.Qe1 Nh7 15.gxf4 exf4 16.e5
Qe8 17.Nb5 Qg6 18.Kh1 Qg5 19.Nxc7 g3 20.e6 Qh4 21.h3 Bxb2 22.Rb1 Bf6 23.Qe4
Kg7 24.Rfd1 Ng5 25.Qe2 Nxh3 26.Bxh3 Qxh3+ 27.Kg1 Qf5 28.Nxa8 h4 29.Qe4 Qxe4
30.fxe4 f3 31.Rd3 h3 32.Kh1 Be5 {#R} 0-1

[Event "Bayern Landesliga North"]
[Site "masterchessopen.com - Germany"]
[Round "4"]
[White "Strube Frank (GER)"]
[Black "Schmitt Gernot (GER)"]
[Result "1-0"]
[WhiteElo "2173"]
[BlackElo "2201"]

1.Nf3 f5 2.d4 Nf6 3.c4 g6 4.g3 Bg7 5.Bg2 O-O 6.O-O d6 7.Nc3 Nc6 8.Qc2 e5
9.dxe5 dxe5 10.Rd1 Qe7 11.Nd5 Nxd5 12.cxd5 Nd8 13.Be3 Re8 14.Rac1 c6 15.Bg5
Bf6 16.d6 Qe6 17.Bxf6 Qxf6 18.d7 Bxd7 19.Rxd7 e4 20.Qc4+ Kh8 21.Qd4 {#r} 1-0

[Event "Bayern Regionalliga Southeast"]
[Site "masterchessopen.com - Germany"]
[Round "7"]
[White "Schwab Andreas"]
[Black "Rossmanith Alexander (GER)"]
[Result "1-0"]
[WhiteElo "2020"]
[BlackElo "2218"]

1.c4 f5 2.Nf3 Nf6 3.g3 d6 4.d4 g6 5.Bg2 Bg7 6.O-O O-O 7.Nc3 Nc6 8.d5 Ne5
9.Nxe5 dxe5 10.Qb3 Nd7 11.Na4 e4 12.f3 exf3 13.exf3 e6 14.Rd1 Rb8 15.Bf4 b5
16.dxe6 bxa4 17.Qxb8 Nxb8 18.Rxd8 Nc6 19.Rxf8+ Kxf8 20.Rb1 Nb4 21.Bf1 Bd4+
22.Kg2 Bb7 23.Bd2 Nc6 24.b4 Ke7 25.b5 Nd8 26.Bb4+ Kf6 27.c5 Bd5 28.c6 Nxe6
29.Re1 Ng5 30.Bc4 {#r} 1-0

[Event "Bundesliga 1995/96 (w)"]
[Site "masterchessopen.com - Germany"]
[Round "0"]
[White "Heyme Sibylle (GER)"]
[Black "Zahn Nicol (GER)"]
[Result "1-0"]
[WhiteElo "2110"]
[BlackElo "1937"]

1.Nf3 f5 2.g3 Nf6 3.Bg2 g6 4.c4 d6 5.d4 Bg7 6.O-O O-O 7.Nc3 Nc6 8.d5 Ne5
9.Nxe5 dxe5 10.e4 e6 11.Be3 exd5 12.exd5 Ng4 13.Bc5 Re8 14.Qb3 h5 15.Rad1 h4
16.d6 e4 17.Nb5 hxg3 18.hxg3 cxd6 19.Nxd6 Re5 20.Nxe4 Bd7 21.Qxb7 Rb8 22.Rxd7
Rxb7 23.Rxd8+ Kf7 24.Nd6+ Ke7 25.Nxb7+ Rxc5 26.Rg8 {#r} 1-0

[Event "Cup Germany (team) (w)"]
[Site "masterchessopen.com - Germany"]
[Round "0"]
[White "Hund Isabel (GER)"]
[Black "Lewandowska Katarzyna (POL)"]
[Result "1-0"]
[WhiteElo "2073"]
[BlackElo "2035"]

1.d4 f5 2.g3 Nf6 3.Bg2 g6 4.Nf3 Bg7 5.O-O O-O 6.c4 d6 7.Nc3 Nc6 8.d5 Na5 9.Qd3
c5 10.Bd2 e5 11.dxe6 Bxe6 12.b3 Kh8 13.Rad1 Nc6 14.Bf4 Ne8 15.Nb5 Qb6 16.Nxd6
Rd8 17.Qb1 Nxd6 18.Bxd6 Rfe8 19.Bf4 h6 20.h4 a5 21.Rxd8 Rxd8 22.Rd1 a4
23.Rxd8+ Qxd8 24.Qc1 axb3 25.axb3 Kh7 26.Qe3 {#r} 1-0

[Event "Oberliga North 1995/96"]
[Site "masterchessopen.com - Germany"]
[Round "0"]
[White "Zimmermann Martin (GER)"]
[Black "Joecks Christian (GER)"]
[Result "0-1"]
[WhiteElo "2238"]
[BlackElo "2370"]

1.d4 f5 2.Nf3 Nf6 3.g3 g6 4.Bg2 Bg7 5.O-O O-O 6.c4 d6 7.Nc3 Nc6 8.d5 Na5 9.Qd3
c5 10.Ng5 a6 11.Rb1 Rb8 12.b4 cxb4 13.Rxb4 Ng4 14.f4 Qc7 15.Na4 b5 16.cxb5
axb5 17.Qb1 Bd7 18.h3 bxa4 {#R} 0-1

[Event "Oberliga Northwest 1995/96"]
[Site "masterchessopen.com - Germany"]
[Round "0"]
[White "Lauber Arnd (GER)"]
[Black "Kosak Robert (GER)"]
[Result "1-0"]
[WhiteElo "2380"]
[BlackElo "2219"]

1.d4 f5 2.Nf3 g6 3.g3 Bg7 4.Bg2 Nf6 5.c4 O-O 6.O-O d6 7.Nc3 Nc6 8.d5 Ne5
9.Nxe5 dxe5 10.e4 f4 11.gxf4 exf4 12.e5 Ng4 13.e6 Ne5 14.Qb3 f3 15.Bh3 g5
16.Re1 g4 17.Bf1 Qe8 18.Ne4 h6 19.Bd2 Kh8 20.Bc3 Qg6 21.Ng3 Qg5 22.Qd1 Ng6
23.Bxg7+ Kxg7 24.Qd4+ Kg8 25.c5 b6 26.d6 cxd6 27.cxd6 exd6 28.e7 Re8 29.Ne4
Qe5 30.Nf6+ {#r} 1-0

[Event "It (open)"]
[Site "masterchessopen.com - Haarlem (Netherlands)"]
[Round "3"]
[White "Wojtkiewicz Aleksander (USA)"]
[Black "Wempe Joost (NED)"]
[Result "1-0"]
[WhiteElo "2525"]
[BlackElo "2275"]

1.Nf3 f5 2.g3 Nf6 3.Bg2 g6 4.O-O Bg7 5.c4 d6 6.d4 O-O 7.Nc3 Nc6 8.d5 Na5 9.Qd3
c5 10.b3 e5 11.dxe6 Bxe6 12.Bf4 Re8 13.Ng5 h6 14.Nxe6 Rxe6 15.Rad1 Nc6 16.Bxd6
Nb4 17.Qd2 Ne8 18.Nb5 Nxd6 19.Nxd6 Qe7 20.e3 Kh7 21.Nxb7 Rb8 22.Qd7 Nxa2
23.Nxc5 Qxd7 24.Rxd7 Re5 25.Bd5 Nb4 26.Ra1 Nxd5 27.Raxa7 {#r} 1-0

[Event "It (open)"]
[Site "masterchessopen.com - Hallsdall (Norway)"]
[Round "5"]
[White "Akesson Ralf (SWE)"]
[Black "Sluka Radek (CZE)"]
[Result "1-0"]
[WhiteElo "2500"]
[BlackElo "2350"]

1.d4 f5 2.g3 Nf6 3.Bg2 g6 4.Nf3 Bg7 5.O-O O-O 6.c4 d6 7.Nc3 Nc6 8.d5 Na5 9.Qd3
c5 10.b3 a6 11.Bb2 h6 12.Nh4 Qe8 13.Na4 b5 14.Nb6 Rb8 15.Nxc8 Rxc8 16.Rae1 Rb8
17.Bc3 b4 18.Ba1 Nb7 19.e4 f4 20.e5 Ng4 21.Nxg6 Nxe5 22.Bxe5 dxe5 23.Bh3 Rf6
24.Be6+ Rxe6 25.dxe6 Rd8 26.Qf5 Nd6 27.Qg4 Nc8 28.Rxe5 Rd4 29.Rxc5 Nd6 30.Rd5
Re4 31.Nxf4 {#r} 1-0

[Event "Oberliga 1995/96"]
[Site "masterchessopen.com - Hessen (Germany)"]
[Round "0"]
[White "Garbe Ralf (GER)"]
[Black "Hempel Manfred (GER)"]
[Result "0-1"]
[WhiteElo "2212"]
[BlackElo "2141"]

1.d4 f5 2.Nf3 Nf6 3.g3 g6 4.Bg2 Bg7 5.O-O O-O 6.c4 d6 7.Nc3 Nc6 8.Qc2 e5
9.dxe5 dxe5 10.Rd1 Qe7 11.Nd5 Nxd5 12.cxd5 Nb4 13.Qc4 Qd6 14.Be3 b6 15.a3 Na6
16.Ng5 f4 17.gxf4 exf4 18.Bd4 Bxd4 19.Rxd4 Nc5 20.b4 Ba6 21.Qa2 Qf6 22.d6+ Kh8
23.bxc5 Qxg5 24.Rd5 Qf6 25.dxc7 f3 26.exf3 Bc4 27.Qxc4 Qxa1+ 28.Bf1 Rac8
29.cxb6 axb6 30.Rd7 Qf6 31.Qd5 {#R} 0-1

[Event "Oberliga 1995/96"]
[Site "masterchessopen.com - Hessen (Germany)"]
[Round "0"]
[White "Kuban Guenter (GER)"]
[Black "Rasch Holger (GER)"]
[Result "1-0"]
[WhiteElo "2193"]
[BlackElo "2272"]

1.d4 f5 2.g3 Nf6 3.Bg2 g6 4.c4 Bg7 5.Nf3 d6 6.O-O O-O 7.Nc3 Nc6 8.d5 Na5 9.Qa4
c5 10.dxc6 Nxc6 11.c5 dxc5 12.Rd1 Qa5 13.Qc4+ Kh8 14.Be3 Nd7 15.a3 e5 16.Ng5
h6 17.Bxc6 bxc6 18.b4 Nb6 19.Nf7+ Kh7 20.Qh4 Qa6 21.Bxh6 Rxf7 22.Bxg7+ Kxg7
23.Rd8 Rf8 24.Qe7+ Rf7 25.Qxe5+ Rf6 26.Qe8 Bd7 27.Qg8+ {#r} 1-0

[Event "Ch Hungary (team) 1996/97 (2 liga)"]
[Site "masterchessopen.com - Hungary"]
[Round "4"]
[White "Papp Jozsef (HUN)"]
[Black "Forster Tamas (HUN)"]
[Result "1-0"]
[WhiteElo "1767"]
[BlackElo "2080"]

1.d4 f5 2.g3 Nf6 3.c4 g6 4.Bg2 Bg7 5.Nc3 O-O 6.Nf3 d6 7.O-O Nc6 8.Bf4 Nh5 9.d5
Na5 10.Qd3 Nxf4 11.gxf4 e5 12.dxe6 Bxe6 13.b3 Nc6 14.Ng5 Qd7 15.Nxe6 {#r} 1-0

[Event "It (open)"]
[Site "masterchessopen.com - Krakow (Poland)"]
[Round "3"]
[White "Szopieraj Dariusz (POL)"]
[Black "Shishkin Vadim (UKR)"]
[Result "0-1"]
[WhiteElo "2097"]
[BlackElo "2430"]

1.Nf3 f5 2.c4 Nf6 3.g3 Nc6 4.d4 d6 5.Bg2 g6 6.O-O Bg7 7.Nc3 O-O 8.d5 Ne5
9.Nxe5 dxe5 10.e4 f4 11.gxf4 Nh5 12.f5 Nf4 13.Bxf4 exf4 14.fxg6 hxg6 15.Re1
Be5 16.f3 Qd6 17.Kh1 Bd7 18.Rc1 Kg7 19.Rc2 Rh8 20.Nb1 Qf6 21.Nd2 Rxh2+ {#R}
0-1

[Event "It (open)"]
[Site "masterchessopen.com - Manresa (Spain)"]
[Round "3"]
[White "Spassov Liuben (BUL)"]
[Black "Torralba Johnny"]
[Result "0-1"]
[WhiteElo "2440"]
[BlackElo "2115"]

1.Nf3 f5 2.g3 Nf6 3.Bg2 g6 4.O-O Bg7 5.c4 O-O 6.d4 d6 7.Nc3 Nc6 8.d5 Ne5
9.Nxe5 dxe5 10.Qb3 Kh8 11.c5 Rb8 12.Rd1 a6 13.Bd2 Qe8 14.Qa3 b5 15.cxb6 cxb6
16.d6 exd6 17.Qxd6 Bb7 18.Be3 Bxg2 19.Kxg2 f4 20.Bxb6 Qf7 21.Bc5 Rxb2 22.Qxa6
e4 23.Bxf8 Bxf8 24.Rab1 Rc2 25.Rb7 f3+ 26.Kg1 Nd7 27.Rdxd7 Rxc3 28.h4 Qf5
29.Rf7 Rc1+ 30.Kh2 Rh1+ {#R} 0-1

[Event "Ch Moscow (open)"]
[Site "masterchessopen.com - Moscow (Russia)"]
[Round "10"]
[White "Burlak Sergey (RUS)"]
[Black "Annakov Babakuli (USA)"]
[Result "0-1"]
[WhiteElo "2168"]
[BlackElo "2360"]

1.d4 f5 2.Nf3 Nf6 3.c4 g6 4.Nc3 Bg7 5.g3 O-O 6.Bg2 d6 7.O-O Nc6 8.d5 Na5 9.Nd2
c5 10.b3 e5 11.e4 f4 12.Nf3 Nh5 13.Qd3 g5 14.Bd2 b6 15.Bh1 Nb7 16.Qe2 g4
17.Nh4 f3 18.Qd3 Nf4 19.Bxf4 exf4 20.Nf5 Be5 21.gxf4 Bxf4 22.Nd1 Bxf5 23.exf5
Bxh2+ 24.Kxh2 Qh4+ {#R} 0-1

[Event "Ch Russia (club) (for the Deaf)"]
[Site "masterchessopen.com - Moscow (Russia)"]
[Round "0"]
[White "Malyuga Valentin (RUS)"]
[Black "Parfenov Vjacheslav (RUS)"]
[Result "0-1"]
[WhiteElo "2194"]
[BlackElo "2158"]

1.c4 f5 2.Nc3 Nf6 3.g3 g6 4.Bg2 Bg7 5.d4 O-O 6.Nf3 d6 7.O-O Nc6 8.d5 Ne5 9.Nd2
c5 10.dxc6 bxc6 11.Qc2 Rb8 12.b3 Bb7 13.Bb2 c5 14.Nd5 e6 15.Nxf6+ Bxf6 16.Bxe5
Bxe5 17.Rad1 Bxg2 18.Kxg2 Qc7 19.Nf3 Bf6 20.Qd2 Rbd8 21.h4 Qb7 22.Kh2 Qe7
23.Rfe1 d5 24.cxd5 exd5 25.Qc1 Kh8 26.Kg2 Rd7 27.Rd3 Rc8 28.Red1 d4 29.Nxd4
Rxd4 30.Rxd4 Qb7+ {#R} 0-1

[Event "Memorial A.Alekhine (open)"]
[Site "masterchessopen.com - Moscow (Russia)"]
[Round "7"]
[White "Baikov Vladimir A (RUS)"]
[Black "Annakov Babakuli (USA)"]
[Result "1-0"]
[WhiteElo "2470"]
[BlackElo "2360"]

1.d4 f5 2.g3 Nf6 3.Bg2 d6 4.Nf3 g6 5.O-O Bg7 6.c4 O-O 7.Nc3 Nc6 8.d5 Na5 9.Qd3
c5 10.Bd2 h6 11.Rad1 Ne4 12.Be1 b5 13.cxb5 Nf6 14.Nh4 Qe8 15.e4 Ng4 16.exf5 g5
17.Qe2 gxh4 18.Qxg4 Bxf5 19.Qxh4 a6 20.bxa6 Rxa6 21.Be4 Ra7 22.Bd2 Qg6 23.Bxf5
Rxf5 24.Nb5 Rb7 25.Qa4 {#r} 1-0

[Event "Ch Yugoslavia (1/2 final) (open)"]
[Site "masterchessopen.com - Niska Banja (Yugoslavia)"]
[Round "5"]
[White "Djoric Vojislav (SRB)"]
[Black "Kontic Djordjije (MNE)"]
[Result "1-0"]
[WhiteElo "2088"]
[BlackElo "2400"]

1.Nf3 d6 2.d4 f5 3.g3 Nf6 4.Bg2 g6 5.O-O Bg7 6.c4 O-O 7.Nc3 Nc6 8.d5 Na5 9.Qd3
c5 10.Ng5 Rb8 11.h3 a6 12.e4 b5 13.cxb5 axb5 14.Ne6 fxe4 15.Nxe4 Bxe6 16.dxe6
Nc4 17.Rb1 Kh8 18.Nxf6 Rxf6 19.b3 Nb6 20.Re1 Qg8 21.Bb2 Rxe6 22.Bxg7+ Kxg7
23.Qxb5 c4 24.bxc4 Nxc4 25.Qd7 Ne5 26.Qa7 Rxb1 27.Rxb1 Qf7 28.Bd5 {#r} 1-0

[Event "Ch Russia (club) (1 liga)"]
[Site "masterchessopen.com - Orel (Russia)"]
[Round "2"]
[White "Fakhretdinov Robert (RUS)"]
[Black "Petrov Dmitry (RUS)"]
[Result "1-0"]
[WhiteElo "2345"]
[BlackElo "2247"]

1.d4 f5 2.g3 Nf6 3.Bg2 g6 4.Nf3 Bg7 5.O-O O-O 6.c4 d6 7.Nc3 Nc6 8.d5 Ne5
9.Nxe5 dxe5 10.Qb3 e6 11.Rd1 Qe7 12.Bd2 Qf7 13.Be1 exd5 14.cxd5 Rd8 15.Rac1
Ne8 16.Nb5 a6 17.Nxc7 Nxc7 18.Rxc7 Qf6 19.d6+ Be6 20.Bd5 Rxd6 21.Bxe6+ Rxe6
22.Rd6 Re8 23.Rxb7 h5 24.Rbb6 Kf7 25.Rxa6 Bf8 {#r} 1-0

[Event "Ch World (active) (juniors) (under 12)"]
[Site "masterchessopen.com - Paris (France)"]
[Round "3"]
[White "Vovsha Eli (ISR)"]
[Black "Miton Kamil (POL)"]
[Result "1-0"]
[WhiteElo "2484"]
[BlackElo "2220"]

1.Nf3 f5 2.d4 g6 3.g3 Bg7 4.Bg2 Nf6 5.O-O O-O 6.c4 d6 7.Nc3 Nc6 8.d5 Ne5
9.Nxe5 dxe5 10.e4 f4 11.c5 g5 12.Qb3 Kh8 13.Rd1 a5 14.Qa3 Qe8 15.d6 exd6
16.cxd6 Qh5 17.dxc7 f3 18.Rd8 Rg8 19.Bf1 Bh3 20.Rxa8 Rxa8 21.Bc4 Ng4 22.Qc5
Nxh2 23.Nd5 Be6 24.Ne3 Ng4 25.Nxg4 Bxg4 26.Be3 Re8 27.Rd1 {#r} 1-0